Strangulation, domestic abuse and suicide: Learning in and through domestic abuse–related death reviews in England and Wales

At international and domestic levels, there is an increasingly well-established evidence base documenting the incidence of non-fatal strangulation or suffocation in intimate partner relationships. While the meaning and significance attributed to this behaviour can be complicated and contested, it is...

Full description

Saved in:  
Bibliographic Details
Authors: Munro, Vanessa E. (Author) ; Dangar, Sarah (Author)
Format: Electronic Article
Language:English
Published: 2026
In: International review of victimology
Year: 2026, Volume: 32, Issue: 1, Pages: 188-210
Online Access: Volltext (kostenfrei)
Check availability: HBZ Gateway
Keywords:

MARC

LEADER 00000naa a22000002c 4500
001 1947529404
003 DE-627
005 20251223054924.0
007 cr uuu---uuuuu
008 251223s2026 xx |||||o 00| ||eng c
024 7 |a 10.1177/02697580251341915  |2 doi 
035 |a (DE-627)1947529404 
035 |a (DE-599)KXP1947529404 
040 |a DE-627  |b ger  |c DE-627  |e rda 
041 |a eng 
084 |a 2,1  |2 ssgn 
100 1 |a Munro, Vanessa E.  |e VerfasserIn  |0 (DE-588)1048715051  |0 (DE-627)781198917  |0 (DE-576)304999997  |4 aut 
109 |a Munro, Vanessa E.  |a Munro, Vanessa Eveline 
245 1 0 |a Strangulation, domestic abuse and suicide: Learning in and through domestic abuse–related death reviews in England and Wales 
264 1 |c 2026 
336 |a Text  |b txt  |2 rdacontent 
337 |a Computermedien  |b c  |2 rdamedia 
338 |a Online-Ressource  |b cr  |2 rdacarrier 
520 |a At international and domestic levels, there is an increasingly well-established evidence base documenting the incidence of non-fatal strangulation or suffocation in intimate partner relationships. While the meaning and significance attributed to this behaviour can be complicated and contested, it is widely acknowledged that the risks involved are substantial. In the context of abusive relationships, it has been recognised as a reliable predictor of increased risk of domestic homicide with new, bespoke non-fatal strangulation or suffocation offences created in England and Wales to improve pathways to prevention, reporting and prosecution. Despite this, research has continued to question the adequacy of existing professional responses in terms of identification, risk assessment and safety planning, as well as understanding of potential links between exposure to strangulation or suffocation and suicidality. This article draws on a detailed analysis of statutory reviews, conducted in England and Wales in certain cases of domestic abuse–related suicide, alongside a series of stakeholder interviews, to explore the incidence and impact of experiencing strangulation or suffocation upon victims. We focus, in particular, on the prevalence and contexts of such experiences; challenges around disclosure and identification; the adequacy of professional risk-assessment and intervention; and understanding of the complex range of physical, cognitive, mental and emotional effects. Documenting the limited consideration often given by agencies and review panels alike to the incidence and impact of non-fatal strangulation or suffocation in these reviews, we highlight, in particular, a lack of attention to its potential to increase risks of suicidality as well as homicide. 
650 4 |a domestic homicide reviews 
650 4 |a Suicide 
650 4 |a Domestic abuse 
650 4 |a suffocation 
650 4 |a Strangulation 
700 1 |a Dangar, Sarah  |e VerfasserIn  |4 aut 
773 0 8 |i Enthalten in  |t International review of victimology  |d Los Angeles, Calif. [u.a.] : Sage, 1989  |g 32(2026), 1, Seite 188-210  |h Online-Ressource  |w (DE-627)573752672  |w (DE-600)2442080-3  |w (DE-576)309208572  |x 2047-9433  |7 nnas 
773 1 8 |g volume:32  |g year:2026  |g number:1  |g pages:188-210 
856 4 0 |u https://doi.org/10.1177/02697580251341915  |x Resolving-System  |z kostenfrei  |3 Volltext  |7 0 
935 |a mkri 
951 |a AR 
ELC |a 1 
LOK |0 000 xxxxxcx a22 zn 4500 
LOK |0 001 4832520083 
LOK |0 003 DE-627 
LOK |0 004 1947529404 
LOK |0 005 20251223043603 
LOK |0 008 251223||||||||||||||||ger||||||| 
LOK |0 035   |a (DE-2619)KrimDok#2025-12-22#C0EC0ECBFC3DC1981EC77586177FD91987E07186 
LOK |0 040   |a DE-2619  |c DE-627  |d DE-2619 
LOK |0 092   |o n 
LOK |0 852   |a DE-2619 
LOK |0 852 1  |9 00 
LOK |0 935   |a zota 
LOK |0 939   |a 23-12-25  |b l01 
OAS |a 1 
ORI |a SA-MARC-krimdoka001.raw